000 00295nam a22001337a 4500
008 171108b xxu||||| |||| 00| 0 eng d
020 _a0135950260
041 _aeng
080 _a330.322
100 _a64
101 _aINV
245 _aMODERN INVESTMENT THEORY
_cHAUGEN,R.A
942 _2udc
_cBK
999 _c38195
_d38195